Záveje

Bibliographic Details
Main Author: (r) (Author)
Format: Article
Language:Slovak
Subjects:

MARC

LEADER 00000nab a2200000 a 4500
001 vtls000130487
003 SK-MaSNL
005 20260303032954.0
008 111104c1982 xo 0 slo
015 |a SNBRB19rr/mm-uuuuu 
035 |a CL0140593 
040 |a SNKBUCL  |b slo  |c SNKBUCL  |e AACR2 
041 0 |a slo 
044 |a xo  |c SK 
080 |a 82:929:885.4  |2 1981 
080 |a 885.4  |2 1981 
080 |a 929 Hurban, Vladimír Vladimírov  |2 1981 
080 |a 792.2.097  |2 1981 
100 0 |a (r)  |4 aut  |9 636179 
245 1 0 |a Záveje  |c (r) 
600 1 7 |a Hurban Vladimírov, Vladimír,  |d 1884-1950  |t Záveje  |2 snkbucl  |9 1016077 
655 7 |a články z novín a časopisov  |2 snkbucl  |9 267496 
655 7 |a články z odboru literárna veda a krásna literatúra  |2 snkbucl  |9 770045 
773 0 |t Televízia  |g Roč. 17, č. 43 (1982), s. 19 
850 |a Slovenská národná knižnica v Martine  |a MTA001 
852 |a SNK  |b KIS3GCP 
958 |a RK 
958 |a LX 
992 |a RBX 
999 |c 1668047  |d 1669977